000 00226 a2200097 4500
001 41019
100 _aIbne Jazri
245 _aHissan Haseen (Qaul-i-Mateen)
260 _aKarachi
_bMir M Kutub Khana
_c
090 _c25253
_d25253
942 _aNUST-CAE
_cM
_c16951
999 _c276092
_d276092